书目信息 |
| 题名: |
房价博弈
|
|
| 作者: | 易宪容 著 | |
| 分册: | ||
| 出版信息: | 北京 中国经济出版社 2008 |
|
| 页数: | 218页 | |
| 开本: | 24cm | |
| 丛书名: | ||
| 单 册: | ||
| 中图分类: | F299.233.5 | |
| 科图分类: | ||
| 主题词: | 房地产--价格--研究--中国 , 房地产 , 价格 | |
| 电子资源: | ||
| ISBN: | 978-7-5017-8700-5 | |
| 000 | 00894nam0 2200253 45 | |
| 001 | 1032978843 | |
| 005 | 20100408161229.28 | |
| 010 | @a978-7-5017-8700-5@dCNY32.00 | |
| 100 | @a20100331d2008 em y0chiy50 ea | |
| 101 | 0 | @achi |
| 102 | @aCN@b110000 | |
| 105 | @ay z 000yy | |
| 106 | @ar | |
| 200 | 1 | @a房价博弈@AFang Jia Bo Yi@f易宪容著@FYi Xian Rong Zhu |
| 210 | @a北京@c中国经济出版社@d2008 | |
| 215 | @a218页@d24cm | |
| 330 | @a就房价快速上涨还会持续下去吗?房价的下跌对谁影响最大?房价是住房平民化的核心、开发商为何不愿把房价降下来?房地产应该进入完全公共决策程序、重构中国的房地产金融体系、中国住房保障体系如何确立等问题进行了全面细致的介绍。 | |
| 606 | 0 | @a房地产@x价格@x研究@y中国 |
| 606 | 0 | @a房地产 |
| 606 | 0 | @a价格 |
| 690 | @aF299.233.5@v4 | |
| 701 | 0 | @a易宪容@AYi Xian Rong@f(1958~)@4著 |
| 801 | 0 | @aCN@bTANGWEI@c20100408 |
| 905 | @b0586981-85@dF299.233.5@e843@f5 | |
| 房价博弈/易宪容著.-北京:中国经济出版社,2008 |
| 218页;24cm |
| ISBN 978-7-5017-8700-5:CNY32.00 |
| 就房价快速上涨还会持续下去吗?房价的下跌对谁影响最大?房价是住房平民化的核心、开发商为何不愿把房价降下来?房地产应该进入完全公共决策程序、重构中国的房地产金融体系、中国住房保障体系如何确立等问题进行了全面细致的介绍。 |
| ● |
| 相关链接 |
|
|
|
|
正题名:房价博弈
索取号:F299.233.5/843
 
预约/预借
| 序号 | 登录号 | 条形码 | 馆藏地/架位号 | 状态 | 备注 |
| 1 | 0586981 | 205869817 | 第一样本阅览室/ [索取号:F299.233.5/843] | 在馆 | |
| 2 | 0586982 | 205869826 | 第一借阅区/ [索取号:F299.233.5/843] | 在馆 | |
| 3 | 0586983 | 205869835 | 第一借阅区/ [索取号:F299.233.5/843] | 在馆 | |
| 4 | 0586984 | 205869844 | 第一借阅区/ [索取号:F299.233.5/843] | 在馆 | |
| 5 | 0586985 | 205869853 | 第一借阅区/ [索取号:F299.233.5/843] | 在馆 |